000 00484nam a2200181Ia 4500
001 7559
005 20260306160504.0
008 260306t2011||||xx |||||||||||||| ||spa||
041 _aESP
082 _a351
_bU61 Nº 9
100 _aUniversidad Católica Sedes sapientiae
_eAUT
245 0 _aNuevo enfoque del presupuesto participativo en los gobiernos locales
260 _c2011
300 _a82 páginas :
_c28 cm.
650 _aGEN
654 _aCAN
942 _cLIB
_dJUS
_fJUS
_2ddc
_n
999 _c7559
_d7559